000 00383 a2200109 4500
001 ART_18546
005 20260410161703.0
008 260409a
245 1 0 _aLas recientes modificaciones al régimen de promoción de la industria de software y servicios informaticos
100 1 _aFerraro, Ricardo H.
773 0 _tRevista Impuestos
_g- Nº 10 (oct. 2011)
_wREV639
999 _c15328
_d15328